00475nam a2200193Ia 4500008004100000020001800041050001400059100001800073245002700091245004200118245002100160260001500181260001600196260000900212300001500221300002700236300001000263500000800273170918s9999 xx 000 0 und d a9780531223505 bV458 2010 aVenezia, Mike aDaniel Hale Williams : bsurgeon who opened hearts and minds / cby Mike Venezia. aNew York : bScholastic, c2010 a32 pages : bcolored illustration ; c24cm. a980